Arrondissement a partir de l'Avenue - Paris - Statistiques

Statistiques générales
  • Ce quiz a été pris 16 fois
  • Le résultat moyen est 9 sur 20
Statistiques - réponses
Hint Réponse % Correct
Av. Parmentier 10|11
100%
Av. de la République 11
100%
Av. Ledru-Rollin 11|12
100%
Av. du Trône 11|12|20
100%
Av. des Tilleuls 12 ème 12
100%
Av. des Minimes 12
100%
Av. du Bel Air 12
100%
Av. du Docteur Arnold Netter 12
100%
Av. Daumesnil 12
100%
Av. de l'Opéra 1|2
100%
Av. de la Porte de Charenton 12
100%
Av. de Joinville 12
100%
Av. de Gravelle 12
100%
Av. Pierre Mendès France 13
100%
Av. de la Porte de Choisy 13
100%
Av. d'Italie 13
100%
Av. Edison 13
100%
Av. de la Porte d'Italie 13
100%
Av. d'Ivry 13
100%
Av. Paul Vaillant-Couturier 14
100%
Av. Lucien Descaves 14
100%
Av. Victoria 1|4
100%
Av. Marc Sangnier 14
100%
Av. Denfert-Rochereau 14
100%
Av. René Coty 14
100%
Av. Albert Bartholomé 15
100%
Av. de la Porte de la Plaine 15
100%
Av. de la Porte de Saint-Cloud 16
100%
Av. du Maréchal Lyautey 16
100%
Av. Dode de la Brunerie 16
100%
Av. du Recteur Poincaré 16
100%
Av. de Montmorency 16
100%
Av. du Général Sarrail 16
100%
Av. de la Frillière 16
100%
Av. Edouard Vaillant 16
100%
Av. du Parc des Princes 16
100%
Av. Victor Hugo 16
100%
Av. Perrichont 16
100%
Av. Georges Risler 16
100%
Av. des Peupliers 16
100%
Av. Emile Bergerat 16
100%
Av. Frémiet 16
100%
Av. Paul Doumer 16
100%
Av. Léon Heuzey 16
100%
Av. de la Porte d'Asnières 17
100%
Av. du Cimetière des Batignolles 17
100%
Av. Carnot 17
100%
Av. Gourgaud 17
100%
Av. de la Porte de Clichy 17
100%
Av. de la Porte des Ternes 17
100%
Av. de Clichy 17|18
100%
Av. de la Porte de Saint-Ouen 17|18
100%
Av. Rachel 18
100%
Av. de la Porte des Poissonniers 18
100%
Av. de la Porte de Clignancourt 18
100%
Av. de la Porte de Montmartre 18
100%
Av. Jean Jaurès 19
100%
Av. de la Porte de la Villette 19
100%
Av. de la Porte de Pantin 19
100%
Av. de Flandre 19
100%
Av. Secrétan 19
100%
Av. de la Porte des Lilas 19|20
100%
Av. du Père Lachaise 20
100%
Av. de la Porte de Bagnolet 20
100%
Av. des Gobelins 5|13
100%
Av. Vavin 6
100%
Av. Silvestre de Sacy 7
100%
Av. Elisée Reclus 7
100%
Av. Gustave Eiffel 7
100%
Av. Franklin D. Roosevelt 8
100%
Av. Velasquez 8
100%
Av. Dutuit 8
100%
Av. Delcassé 8
100%
Av. Montaigne 8
100%
Av. des Champs Elysées 8
100%
Av. de Selves 8
100%
Av. César Caire 8
100%
Av. de Wagram 8|17
100%
Av. de Bouvines 11
67%
Av. de Saint-Maurice 12
67%
Av. Armand Rousseau 12
67%
Av. du Général Dubail 16
67%
Av. Percier 8
67%
Av. Trudaine 9
67%
Av. de Verdun 10
50%
Av. Charles de Foucauld 12
50%
Av. Dorian 12
50%
Av. des Tribunes 12
50%
Av. du Général Dodds 12
50%
Av. de France 13
50%
Av. du Docteur Lannelongue 14
50%
Av. de la Porte de Sèvres 15
50%
Av. de Versailles 16
50%
Av. de l'Abbé Roussel 16
50%
Av. Chantemesse 16
50%
Av. de Boufflers 16
50%
Av. Stéphane Mallarmé 17
50%
Av. de la Porte d'Aubervilliers 18|19
50%
Av. Mathurin Moreau 19
50%
Av. de la Porte Brunet 19
50%
Av. Edouard Petit 19
50%
Av. du Docteur Brouardel 7
50%
Av. de Champaubert 7|15
50%
Av. de Friedland 8
50%
Av. Hoche 8
50%
Av. Myron Herrick 8
50%
Av. de New York 8|16
50%
Av. Courteline 12
33%
Av. du Polygone 12
33%
Av. Jean Moulin 14
33%
Av. Georges Lafenestre 14
33%
Av. Théodore Rousseau 16
33%
Av. Benoît Frachon 20
33%
Av. du Général Lemonnier 1
0%
Av. Richerand 10
0%
Av. Claude Vellefaux 10
0%
Av. de Taillebourg 11
0%
Av. Philippe-Auguste 11
0%
Av. Jean Aicard 11
0%
Av. de Saint-Mandé 12
0%
Av. Anna Politkovskaïa 12
0%
Av. Vincent d'Indy 12
0%
Av. Emile Laurent 12
0%
Av. Maurice Ravel 12
0%
Av. Sainte-Marie 12
0%
Av. de la Belle Gabrielle 12
0%
Av. des Canadiens 12
0%
Av. de l'Ecole de Joinville 12
0%
Av. du Maréchal Fayolle 12
0%
Av. du Général Messimy 12
0%
Av. de Nogent 12
0%
Av. des Terroirs de France 12
0%
Av. du Tremblay 12
0%
Av. de Fontenay 12
0%
Av. de Corbera 12
0%
Av. de la Pépinière 12
0%
Av. Lamoricière 12
0%
Av. du Général Michel Bizot 12
0%
Av. du Général Laperrine 12
0%
Av. de la Porte de Vincennes 12|20
0%
Av. de la Porte de Vitry 13
0%
Av. de Mazagran 13
0%
Av. de la Soeur Rosalie 13
0%
Av. Joseph Bédier 13
0%
Av. Félicien Rops 13
0%
Av. de la Porte d'Ivry 13
0%
Av. Boutroux 13
0%
Av. Caffieri 13
0%
Av. de Choisy 13
0%
Av. Léon Bollée 13
0%
Av. Stéphen Pichon 13
0%
Av. Claude Regaud 13
0%
Av. Pierre de Coubertin 13|14
0%
Av. Reille 13|14
0%
Av. André Rivoire 14
0%
Av. David Weill 14
0%
Av. Maurice d'Ocagne 14
0%
Av. Ernest Reyer 14
0%
Av. Rockefeller 14
0%
Av. Paul Appell 14
0%
Av. de la Tunisie 14
0%
Av. du Colonel Henri Rol-Tanguy 14
0%
Av. Villemain 14
0%
Av. Pierre Masse 14
0%
Av. du Général Leclerc 14
0%
Av. de la Porte de Montrouge 14
0%
Av. du Général Maistre 14
0%
Av. de la Porte de Vanves 14
0%
Av. de la Porte Didot 14
0%
Av. de la Porte de Châtillon 14
0%
Av. de la Porte d'Orléans 14
0%
Av. de la Sibelle 14
0%
Av. Félix Faure 15
0%
Av. de la Porte de Plaisance 15
0%
Av. Sainte-Eugénie 15
0%
Av. Delecourt 15
0%
Av. de la Porte Brancion 15
0%
Av. Ernest Renan 15
0%
Av. Emile Zola 15
0%
Av. Roger Cahen 15
0%
Av. Paul Déroulède 15
0%
Av. de Pologne 16
0%
Av. Hussein 1er de Jordanie 16
0%
Av. du Général Mangin 16
0%
Av. d'Eylau 16
0%
Av. de Saint-Cloud 16
0%
Av. Ferdinand Buisson 16
0%
Av. Louis Barthou 16
0%
Av. Alphonse XIII 16
0%
Av. Georges Lafont 16
0%
Av. des Tilleuls 16
0%
Av. des Chalets 16
0%
Av. Saint-Honoré d'Eylau 16
0%
Av. Adrien Hébrard 16
0%
Av. Georges Mandel 16
0%
Av. d'Iéna 16
0%
Av. Mozart 16
0%
Av. Jules Janin 16
0%
Av. du Mahatma Gandhi 16
0%
Av. Marcel Proust 16
0%
Av. Théophile Gautier 16
0%
Av. Marcel Doret 16
0%
Av. de Rouvray 16
0%
Av. de Malakoff 16
0%
Av. Foch 16
0%
Av. des Portugais 16
0%
Av. Raphaël 16
0%
Av. Ingres 16
0%
Av. de l'Ermitage 16
0%
Av. du Maréchal Fayolle 16
0%
Av. Gordon Bennett 16
0%
Av. de Lamballe 16
0%
Av. du Parc de Passy 16
0%
Av. du Général Clavery 16
0%
Av. de la Porte d'Auteuil 16
0%
Av. du Colonel Bonnet 16
0%
Av. Prudhon 16
0%
Av. du Général Balfourier 16
0%
Av. du Maréchal Maunoury 16
0%
Av. Léopold II 16
0%
Av. Erlanger 16
0%
Av. Albert de Mun 16
0%
Av. Vion-Whitcomb 16
0%
Av. du Maréchal Franchet d'Espérey 16
0%
Av. Boudon 16
0%
Av. Alphand 16
0%
Av. de Camoëns 16
0%
Av. Kléber 16
0%
Av. Raymond Poincaré 16
0%
Av. Albert Ier de Monaco 16
0%
Av. du Ranelagh 16
0%
Av. Henri Martin 16
0%
Av. du Président Kennedy 16
0%
Av. des Sycomores 16
0%
Av. Hubert Germain 16
0%
Av. René Boylesve 16
0%
Av. Félix d'Hérelle 16
0%
Av. Anne-Eugénie Milleret de Brou 16
0%
Av. Rodin 16
0%
Av. de Montespan 16
0%
Av. de la Porte Molitor 16
0%
Av. de l'Hippodrome 16
0%
Av. Gustave V de Suède 16
0%
Av. du Square 16
0%
Av. des Nations Unies 16
0%
Av. de la Grande Armée 16|17
0%
Av. de Neuilly 16|17
0%
Av. Brunetière 17
0%
Av. de la Porte Pouchet 17
0%
Av. de la Porte de Villiers 17
0%
Av. Yves du Manoir 17
0%
Av. des Ternes 17
0%
Av. Mac-Mahon 17
0%
Av. de la Porte de Champerret 17
0%
Av. Niel 17
0%
Av. Paul Adam 17
0%
Av. de Verzy 17
0%
Av. de la Chapelle 17
0%
Av. des Arts 17
0%
Av. de Salonique 17
0%
Av. des Chasseurs 17
0%
Av. de Péterhof 17
0%
Voie Ch/17 17
0%
Av. Emile et Armand Massard 17
0%
Av. des Pavillons 17
0%
Av. de Villiers 17
0%
Av. de Saint-Ouen 17|18
0%
Av. de la Porte de la Chapelle 18
0%
Av. Junot 18
0%
Av. de la Cascade 19
0%
Av. de Crimée 19
0%
Av. de la Porte Chaumont 19
0%
Av. des Alouettes 19
0%
Av. du Nouveau Conservatoire 19
0%
Av. Corentin Cariou 19
0%
Av. Michal 19
0%
Av. des Marnes 19
0%
Av. de Laumière 19
0%
Av. Ambroise Rendu 19
0%
Av. Darcel 19
0%
Av. René Fonck 19
0%
Av. Simon Bolivar 19
0%
Av. Jean Baptiste Cave 19
0%
Av. Debidour 19
0%
Av. de la Porte du Pré Saint-Gervais 19
0%
Av. de la Grotte 19
0%
Av. Moderne 19
0%
Av. du Belvédère 19
0%
Av. Jacques de Linières 19
0%
Av. du Général San Martin 19
0%
Av. Puebla 19
0%
Av. du Lac 19
0%
Av. Taillade 20
0%
Av. du Professeur André Lemierre 20
0%
Av. Gambetta 20
0%
Av. du Docteur Gley 20
0%
Av. Léon Gaumont 20
0%
Av. de la Porte de Montreuil 20
0%
Av. Ibsen 20
0%
Av. Cartellier 20
0%
Av. de la Porte de Ménilmontant 20
0%
Av. Georges Bernanos 5|14
0%
Av. de l'Observatoire 5|6|14
0%
Av. du Maine 6|14|15
0%
Av. du Général Tripier 7
0%
Av. du Général Ferrié 7
0%
Av. Charles Risler 7
0%
Av. Franco-Russe 7
0%
Av. de Villars 7
0%
Av. Emile Pouvillon 7
0%
Av. Rapp 7
0%
Av. Frédéric Le Play 7
0%
Av. du Général Détrie 7
0%
Av. Pierre Loti 7
0%
Av. Sully-Prudhomme 7
0%
Av. Octave Gréard 7
0%
Av. Bosquet 7
0%
Av. Emile Acollas 7
0%
Av. Duquesne 7
0%
Av. du Maréchal Gallieni 7
0%
Av. Constant Coquelin 7
0%
Av. Emile Deschanel 7
0%
Av. Charles Floquet 7
0%
Av. Barbey d'Aurevilly 7
0%
Av. Daniel Lesueur 7
0%
Av. Anatole France 7
0%
Av. Robert Schuman 7
0%
Av. de la Bourdonnais 7
0%
Av. Joseph Bouvard 7
0%
Av. de Tourville 7
0%
Av. du Général Marguerite 7
0%
Av. de Saxe 7|15
0%
Av. de Breteuil 7|15
0%
Av. de Ségur 7|15
0%
Av. de la Motte-Picquet 7|15
0%
Av. de Lowendal 7|15
0%
Av. de Suffren 7|15
0%
Av. de Messine 8
0%
Av. de Valois 8
0%
Av. Van Dyck 8
0%
Av. Gabriel 8
0%
Av. Matignon 8
0%
Av. de Marigny 8
0%
Av. Beaucour 8
0%
Av. George V 8
0%
Av. Ruysdaël 8
0%
Av. du Général Eisenhower 8
0%
Av. Bertie Albrecht 8
0%
Av. Charles Girault 8
0%
Av. Edward Tuck 8
0%
Av. Winston Churchill 8
0%
Av. Marceau 8|16
0%
Av. Pierre Ier de Serbie 8|16
0%
Av. du Président Wilson 8|16
0%
Av. Ferdousi 8|17
0%
Av. de Provence 9
0%
Av. Frochot 9
0%
Av. du Coq 9
0%
Aucun quiz correspondant
Distribution des résultats
% des personnes avec chaque résultat
Percentile par nombre de réponses
Votre historique - résultats
Vous n’avez pas pris ce quiz